| 000 | 00609nam a2200217Ia 4500 | ||
|---|---|---|---|
| 001 | 5203 | ||
| 003 | GE_BSU | ||
| 008 | 181216s||||||||xx |||||||||||||| ||und|| | ||
| 040 | _cGE_BSU | ||
| 080 | _a621.311(075.8) | ||
| 100 | _aხუნწარია,რ. | ||
| 245 | _aთბომომარაგება. | ||
| 245 | _bსახელმძღვ. | ||
| 245 | _cრედ.ი.გოგუაძე. | ||
| 260 | _aთბ. | ||
| 260 | _bგანათლება. | ||
| 260 | _c1979. | ||
| 300 | _a342გვ;ილ;22სმ. | ||
| 653 | _aთბომომარაგება. | ||
| 942 | _cBK | ||
| 999 |
_c38815 _d38815 |
||